000 01279nam a2200325 a 4500
001 ebr10292221
003 CaPaEBR
006 m u
007 cr cn|||||||||
008 080707s2009 nyua sb 001 0 eng
010 _z 2008030020
020 _z9780814410721
020 _z0814410723
040 _aCaPaEBR
_cCaPaEBR
035 _a(OCoLC)404723785
050 1 4 _aHF5415.1265
_b.H3663 2009eb
082 0 4 _a658.8/72
_222
100 1 _aHarden, Leland.
245 1 0 _aDigital engagement
_h[electronic resource] :
_binternet marketing that captures customers and builds intense brand loyalty /
_cLeland Harden and Bob Heyman.
260 _aNew York :
_bAmerican Management Association,
_cc2009.
300 _axii, 244 p. :
_bill.
504 _aIncludes bibliographical references and index.
533 _aElectronic reproduction.
_bPalo Alto, Calif. :
_cebrary,
_d2013.
_nAvailable via World Wide Web.
_nAccess may be limited to ebrary affiliated libraries.
650 0 _aInternet marketing.
650 0 _aBrand loyalty.
655 7 _aElectronic books.
_2local
700 1 _aHeyman, Bob,
_d1948-
710 2 _aebrary, Inc.
856 4 0 _uhttp://site.ebrary.com/lib/rucke/Doc?id=10292221
_zAn electronic book accessible through the World Wide Web; click to view
999 _c74548
_d74548